000
00340nam a22001457a 4500
008
230912b ||||| |||| 00| 0 eng d
020
_a
0080169864
041
_a
eng
080
_2
VOLUME 51
_a
521
082
_a
521BAT
100
_a
19
101
_a
ASTRO
245
_a
BINARY AND MULTIPLE SYSTEMS OF STARS
_c
BATTEN .H.A
942
_2
udc
_c
BK
999
_c
60330
_d
60330